| 000 | 00689nam a2200193 a 4500 | ||
|---|---|---|---|
| 005 | 20140412111359.0 | ||
| 008 | 060126s19uu xx 00 eng d | ||
| 020 | _a0-439-62810-5 | ||
| 050 |
_aTR(PS E _bIm1 2004 |
||
| 100 | _aParker, David | ||
| 245 |
_aI'm in charge of me! / _cby David Parker ; illustrated by Sylvia Walker. |
||
| 260 |
_aNew York : _bScholastic Inc, _c2004. |
||
| 300 | _a1 v. (unp.) ; ill. | ||
| 440 | _aThe Best I Can Be | ||
| 520 | _aMaking choices puts children in charge of their own behavior instead of having someone else tell them the proper way to behave. | ||
| 650 |
_aSelf-control _xFiction |
||
| 650 |
_aBehavior _xChildren stories |
||
| 999 |
_c105439 _d105439 |
||